Maschio & maskio : Tiziana Luxardo : /Roma, 10-20 aprile 2003!.

Guardat en:
Dades bibliogràfiques
Altres autors: Luxardo, Tiziana
Format: Llibre
Idioma:italià
anglès
Publicat: Roma : Artemide, \2003!
Matèries:
Etiquetes: Afegir etiqueta
Sense etiquetes, Sigues el primer a etiquetar aquest registre!

MARC

LEADER 00000nam a22000007i 4500
001 IT\ICCU\BVE\0323955
003 ItRI
005 20240119210844.0
008 031126s2003 it |||||| ||||| |||||c
020 |a 8886291981 
040 |b ita  |c C 
041 7 |a ita  |a eng  |2 ISO-639-2 
245 0 0 |a Maschio & maskio :  |b Tiziana Luxardo : /Roma, 10-20 aprile 2003!. 
246 1 3 |a Maschio e maskio. 
246 1 3 |a Maschio & maskio attraverso l'obiettivo di Tiziana Luxardo. 
260 |a Roma :  |b Artemide,  |c \2003! 
300 |a 1 v. :  |b fot. ;  |c 28 cm 
500 |a Mostra. 
650 7 |a Luxardo, Tiziana  |x Esposizioni  |x 2003  |2 scbi 
700 1 |a Luxardo, Tiziana  |0 IT\ICCU\BVEV\111317 
942 |2 ddc  |c BK 
952 |0 0  |1 0  |2 ddc  |4 0  |6 779_210000000000000_LUX  |7 1  |9 521  |a RM  |b RM  |d 2024-01-18  |l 0  |o 779.21 LUX  |p 19  |r 2024-01-18 17:08:48  |w 2024-01-18  |y BK 
981 1 |6 z01  |a i   |b xxxe  
982 1 |6 z01  |a n 
999 |c 445  |d 445